Geography Quiz

Random Geography or City Quiz

US Cities Ending In... Quiz Stats

 Plays Quiz Updated Sep 21, 2018

Score 0/30 Timer 10:00
8 Plays Today
% Correct
#148 Springfield, MO
80%
#155 Springfield, MA
80%
#210 Springfield, IL
80%
#132 Jackson, MS
73.4%
#13 Jacksonville, FL
60.6%
#27 Washington, DC
60.4%
#31 Oklahoma City, OK
59.2%
#39 Kansas City, MO
58.4%
#169 Kansas City, KS
58.4%
#22 Boston, MA
57.7%
#30 Louisville, KY
54.5%
#4 Houston, TX
51.9%
#26 Nashville, TN
49.4%
#29 Portland, OR
45.3%
#41 Cleveland, OH
39.9%
% Correct
#125 Salt Lake City, UT
36.4%
#81 Madison, WI
28.7%
#44 Oakland, CA
28.4%
#78 Jersey City, NJ
26.5%
#123 Knoxville, TN
25.4%
#32 Tucson, AZ
22.9%
#57 Bakersfield, CA
20.3%
#50 Arlington, TX
16.2%
#63 Stockton, CA
11.7%
#127 Huntsville, AL
10.8%
#71 Henderson, NV
8.9%
#252 Fairfield, CA
6.7%
#90 Garland, TX
6.6%
#240 Midland, TX
5.6%
#161 Paterson, NJ
4.8%

You're not logged in!

Compare scores with friends on all Sporcle quizzes.
OR
Log In

Sporcle TV

Today on Sporcle TV


Watch our educational content, quiz creation guides, and fun videos on Sporcle TV.

Show Comments

Extras

Top Quizzes Today


Score Distribution

Your Account Isn't Verified!

In order to create a playlist on Sporcle, you need to verify the email address you used during registration. Go to your Sporcle Settings to finish the process.

Report this User

Report this user for behavior that violates our Community Guidelines.

Details: